[Event "Sofia MGU blitz 23rd"]
[Site "Sofia"]
[Date "2018.03.10"]
[Round "4"]
[White "Kurtenkov, Alexander"]
[Black "Todorov, Nikolay"]
[Result "1-0"]
[WhiteElo "2118"]
[BlackElo "2088"]
[PlyCount "79"]
[EventDate "2018.03.10"]
[EventType "tourn (blitz)"]
[EventRounds "9"]
[EventCountry "BUL"]
[SourceTitle "CBM 183 Extra"]
[Source "ChessBase"]
[SourceDate "2018.04.19"]
[SourceVersion "1"]
[SourceVersionDate "2018.04.19"]
[SourceQuality "1"]

1. Nf3 d5 2. g3 c5 3. Bg2 Nc6 4. 0-0 Nf6 5. d3 e5 6. Nbd2 Bd6 7. e4 d4 8. Ne1 0-0 9. f4 Ne8 10. f5 g6 11. g4 Ng7 12. Nc4 f6 13. Nxd6 Qxd6 14. Nf3 h5 15. h3 gxf5 16. exf5 hxg4 17. hxg4 Kf7 18. Nh4 Ne7 19. g5 Nexf5 20. Nxf5 Bxf5 21. gxf6 Qxf6 22. Qf3 Rab8 23. Qd5+ Kg6 24. Bd2 Kh7 25. Rf3 Qg6 26. Qxc5 Rbc8 27. Qe7 Rfe8 28. Qh4+ Kg8 29. c3 Rcd8 30. Rg3 Qh7 31. Bh6 Rd7 32. Rf1 Be6 33. Be4 Qh8 34. Rf6 Rf7 35. Rfg6 Ree7 36. Qg5 Kf8 37. Rxg7 Rxg7 38. Bxg7+ Rxg7 39. Qf6+ Bf7 40. Qxg7+ 1-0

[Event "Sofia MGU blitz 22nd"]
[Site "Sofia"]
[Date "2018.03.03"]
[Round "14"]
[White "Kurtenkov, Alexander"]
[Black "Babatov, Martin"]
[Result "1-0"]
[WhiteElo "2118"]
[BlackElo "1746"]
[PlyCount "35"]
[EventDate "2018.03.03"]
[EventType "tourn (blitz)"]
[EventRounds "14"]
[EventCountry "BUL"]
[SourceTitle "EXT 2021"]
[Source "ChessBase"]
[SourceDate "2020.10.23"]
[SourceVersion "1"]
[SourceVersionDate "2020.10.23"]
[SourceQuality "1"]

1. Nf3 c6 2. g3 d5 3. Bg2 Bg4 4. h3 Bxf3 5. Bxf3 e6 6. 0-0 Nf6 7. d3 Be7 8. Nd2 Nbd7 9. Bg2 0-0 10. e4 dxe4 11. dxe4 Qc7 12. Qe2 Rfd8 13. a4 a6 14. Nc4 Nb6 15. Bf4 Bd6 16. Bxd6 Rxd6 17. Nxd6 Qxd6 18. e5 1-0

[Event "Sofia MGU blitz 22nd"]
[Site "Sofia"]
[Date "2018.03.03"]
[Round "4"]
[White "Kurtenkov, Alexander"]
[Black "Mihalev, Daniil"]
[Result "1-0"]
[WhiteElo "2118"]
[BlackElo "1693"]
[PlyCount "59"]
[EventDate "2018.03.03"]
[EventType "tourn (blitz)"]
[EventRounds "14"]
[EventCountry "BUL"]
[SourceTitle "EXT 2021"]
[Source "ChessBase"]
[SourceDate "2020.10.23"]
[SourceVersion "1"]
[SourceVersionDate "2020.10.23"]
[SourceQuality "1"]

1. Nf3 c5 2. g3 g6 3. Bg2 Bg7 4. 0-0 Nf6 5. d3 0-0 6. e4 d6 7. Nbd2 Nc6 8. c3 Bg4 9. h3 Bxf3 10. Qxf3 Ne5 11. Qe2 Rb8 12. a4 a6 13. f4 Nc6 14. Nc4 b5 15. axb5 axb5 16. Ne3 Qc7 17. Ra6 Ra8 18. Rxc6 Qxc6 19. e5 Qc7 20. exf6 Ra1 21. fxg7 Kxg7 22. Nd5 Qa7 23. Qxe7 Qxe7 24. Nxe7 Re8 25. f5 f6 26. Bh6+ Kxh6 27. Rxa1 Rxe7 28. fxg6 hxg6 29. Kf2 Rb7 30. Bxb7 1-0